=LDR 00000nam 2200000 4500 =001 INLIS000000000019022 =005 20130612114130 =008 ***********************************Ind** =035 ##$$0010-061300000019022 =041 ##$$a Ind =082 ##$$a 028.8 =090 ##$$a 028.8, Bru t =100 ##$$a Bunelli, Roberto =245 ##$$a 366 kisah alkitab, digigit ulat beludah, Robert Brunelli ; alih bahasa, Esther Mandjani ; editor, Ujudan Saputra =260 ##$$a 1996 $b Bogor =300 ##$$a ...jil, ilus, 190 cm =650 ##$$a Bacaan anak-anak =850 ##$$a NBPNMAT